<?xml version="1.0" encoding="UTF-8"?>
<record
    xmlns:xsi="http://www.w3.org/2001/XMLSchema-instance"
    xsi:schemaLocation="http://www.loc.gov/MARC21/slim http://www.loc.gov/standards/marcxml/schema/MARC21slim.xsd"
    xmlns="http://www.loc.gov/MARC21/slim">

  <leader>00547nam a22002057a 4500</leader>
  <controlfield tag="005">20201207114839.0</controlfield>
  <controlfield tag="008">201207b           ||||| |||| 00| 0 eng d</controlfield>
  <datafield tag="020" ind1=" " ind2=" ">
    <subfield code="a">9789382267300</subfield>
  </datafield>
  <datafield tag="040" ind1=" " ind2=" ">
    <subfield code="a">IN-DiNC</subfield>
    <subfield code="c">IN-DiNC</subfield>
  </datafield>
  <datafield tag="041" ind1=" " ind2=" ">
    <subfield code="d">eng</subfield>
  </datafield>
  <datafield tag="082" ind1=" " ind2=" ">
    <subfield code="a">812.54</subfield>
    <subfield code="b">WIL</subfield>
  </datafield>
  <datafield tag="100" ind1=" " ind2=" ">
    <subfield code="a">Williams, Tennessee</subfield>
    <subfield code="e">author</subfield>
  </datafield>
  <datafield tag="245" ind1=" " ind2=" ">
    <subfield code="a">The glass menagerie /</subfield>
    <subfield code="c">by Tennessee Williams</subfield>
  </datafield>
  <datafield tag="260" ind1=" " ind2=" ">
    <subfield code="a">Delhi:</subfield>
    <subfield code="b">World view publications,</subfield>
    <subfield code="c">2016</subfield>
  </datafield>
  <datafield tag="300" ind1=" " ind2=" ">
    <subfield code="a">232p.</subfield>
  </datafield>
  <datafield tag="650" ind1=" " ind2=" ">
    <subfield code="a">English</subfield>
  </datafield>
  <datafield tag="650" ind1=" " ind2=" ">
    <subfield code="a">American drama</subfield>
  </datafield>
  <datafield tag="700" ind1=" " ind2=" ">
    <subfield code="a">Nagpal, Payal</subfield>
    <subfield code="e">Editor</subfield>
  </datafield>
  <datafield tag="942" ind1=" " ind2=" ">
    <subfield code="2">ddc</subfield>
    <subfield code="c">BK</subfield>
  </datafield>
  <datafield tag="999" ind1=" " ind2=" ">
    <subfield code="c">11114</subfield>
    <subfield code="d">11114</subfield>
  </datafield>
  <datafield tag="952" ind1=" " ind2=" ">
    <subfield code="0">0</subfield>
    <subfield code="1">0</subfield>
    <subfield code="2">ddc</subfield>
    <subfield code="4">0</subfield>
    <subfield code="7">0</subfield>
    <subfield code="8">ENG</subfield>
    <subfield code="a">MAIN</subfield>
    <subfield code="b">MAIN</subfield>
    <subfield code="c">GEN</subfield>
    <subfield code="d">2020-12-07</subfield>
    <subfield code="g">225.00</subfield>
    <subfield code="l">3</subfield>
    <subfield code="o">812.54 WIL</subfield>
    <subfield code="p">28398</subfield>
    <subfield code="r">2022-08-24 00:00:00</subfield>
    <subfield code="s">2022-08-13</subfield>
    <subfield code="t">1</subfield>
    <subfield code="w">2020-12-07</subfield>
    <subfield code="y">BK</subfield>
  </datafield>
  <datafield tag="952" ind1=" " ind2=" ">
    <subfield code="0">0</subfield>
    <subfield code="1">0</subfield>
    <subfield code="2">ddc</subfield>
    <subfield code="4">0</subfield>
    <subfield code="7">0</subfield>
    <subfield code="8">ENG</subfield>
    <subfield code="a">MAIN</subfield>
    <subfield code="b">MAIN</subfield>
    <subfield code="c">GEN</subfield>
    <subfield code="d">2020-12-07</subfield>
    <subfield code="g">225.00</subfield>
    <subfield code="l">4</subfield>
    <subfield code="o">812.54 WIL</subfield>
    <subfield code="p">28399</subfield>
    <subfield code="r">2023-06-30 00:00:00</subfield>
    <subfield code="s">2023-06-19</subfield>
    <subfield code="t">2</subfield>
    <subfield code="w">2020-12-07</subfield>
    <subfield code="y">BK</subfield>
  </datafield>
  <datafield tag="952" ind1=" " ind2=" ">
    <subfield code="0">0</subfield>
    <subfield code="1">0</subfield>
    <subfield code="2">ddc</subfield>
    <subfield code="4">0</subfield>
    <subfield code="7">0</subfield>
    <subfield code="8">ENG</subfield>
    <subfield code="a">MAIN</subfield>
    <subfield code="b">MAIN</subfield>
    <subfield code="c">GEN</subfield>
    <subfield code="d">2020-12-07</subfield>
    <subfield code="g">225.00</subfield>
    <subfield code="l">6</subfield>
    <subfield code="o">812.54 WIL</subfield>
    <subfield code="p">28400</subfield>
    <subfield code="r">2023-09-07 00:00:00</subfield>
    <subfield code="s">2023-08-22</subfield>
    <subfield code="t">3</subfield>
    <subfield code="w">2020-12-07</subfield>
    <subfield code="y">BK</subfield>
  </datafield>
  <datafield tag="952" ind1=" " ind2=" ">
    <subfield code="0">0</subfield>
    <subfield code="1">0</subfield>
    <subfield code="2">ddc</subfield>
    <subfield code="4">0</subfield>
    <subfield code="7">0</subfield>
    <subfield code="8">ENG</subfield>
    <subfield code="a">MAIN</subfield>
    <subfield code="b">MAIN</subfield>
    <subfield code="c">GEN</subfield>
    <subfield code="d">2023-09-23</subfield>
    <subfield code="g">240.00</subfield>
    <subfield code="l">0</subfield>
    <subfield code="o">812.54 WIL</subfield>
    <subfield code="p">29520</subfield>
    <subfield code="r">2023-09-23 00:00:00</subfield>
    <subfield code="t">4</subfield>
    <subfield code="w">2023-09-23</subfield>
    <subfield code="y">BK</subfield>
  </datafield>
  <datafield tag="952" ind1=" " ind2=" ">
    <subfield code="0">0</subfield>
    <subfield code="1">0</subfield>
    <subfield code="2">ddc</subfield>
    <subfield code="4">0</subfield>
    <subfield code="7">0</subfield>
    <subfield code="8">ENG</subfield>
    <subfield code="a">MAIN</subfield>
    <subfield code="b">MAIN</subfield>
    <subfield code="c">GEN</subfield>
    <subfield code="d">2023-09-23</subfield>
    <subfield code="g">240.00</subfield>
    <subfield code="l">0</subfield>
    <subfield code="o">812.54 WIL</subfield>
    <subfield code="p">29521</subfield>
    <subfield code="r">2023-09-23 00:00:00</subfield>
    <subfield code="t">5</subfield>
    <subfield code="w">2023-09-23</subfield>
    <subfield code="y">BK</subfield>
  </datafield>
  <datafield tag="952" ind1=" " ind2=" ">
    <subfield code="0">0</subfield>
    <subfield code="1">0</subfield>
    <subfield code="2">ddc</subfield>
    <subfield code="4">0</subfield>
    <subfield code="7">0</subfield>
    <subfield code="8">ENG</subfield>
    <subfield code="a">MAIN</subfield>
    <subfield code="b">MAIN</subfield>
    <subfield code="c">GEN</subfield>
    <subfield code="d">2023-09-23</subfield>
    <subfield code="g">240.00</subfield>
    <subfield code="l">0</subfield>
    <subfield code="o">812.54 WIL</subfield>
    <subfield code="p">29522</subfield>
    <subfield code="r">2023-09-23 00:00:00</subfield>
    <subfield code="t">6</subfield>
    <subfield code="w">2023-09-23</subfield>
    <subfield code="y">BK</subfield>
  </datafield>
</record>
